000 00988nam a2200253 a 4500
001 BRCA_8418
005 20190320210255.0
008 210715s2007----mx-a######---#000-0#spa-#
041 _aspa
044 _amx
050 4 _aN8556.4
_b.M43 2007
100 1 _aMedellín Martínez, Diana María
_921085
245 1 0 _a“Estudio de manchas tipo “foxing” presentes en textiles elaborados con fibras celulósicas”.
260 _aCiudad de México
_c2007
300 _a127 p.
_bil. (algunas a color)
_c28 cm.
502 _aTesis Licenciatura (Licenciada en Restauración de Bienes Muebles) Escuela Nacional de Conservación, Restauración y Museografía ´Manuel del Castillo Negrete´
650 1 4 _aTextiles
_xConservación y restauración
_921086
650 1 4 _aManchas tipo foxing
_921087
650 1 4 _aTextiles
_xAnálisis
_921088
700 1 _aCruz Chagoyán, Gabriela
_easesora
_921089
700 1 _aGutiérrez Zepeda, Nicolás
_easesor
_921090
902 _aTES
942 _2lcc
_cTES
999 _c8086
_d8086